Croatian 2000s Music Quiz: Name the Artist - Statistics

General Stats
  • This quiz has been taken 58 times
    57 since last reset
  • The average score is 15 of 30
Answer Stats
Song Release Date Artist % Correct
Gas gas 2008 Severina
93%
Hipnotiziran 2008 Dino Dvornik
85%
Blago onom tko te ima 2003 Tony Cetinski
85%
Da znaš 2000 Vesna Pisarović
80%
Tko sam ja da ti sudim 2000 Oliver Dragojević
78%
Rano 2000 Minea
76%
Za tvoje snene oči 2002 Colonia
73%
Malo mi za sriću triba 2002 Doris Dragović
73%
Kad bi bio blizu 2004 Magazin
66%
Rijeka snova 2007 Neno Belan & Fiumens
61%
Prava ljubav 2006 Lana Jurčević & Luka Nižetić
59%
Vrime da se pomirim sa svitom 2006 Gibonni
56%
Čarobno jutro 2003 Nina Badrić
56%
Vagabundo 2000 Goran Karan
54%
Croatio, iz duše te ljubim 2007 Klapa Intrade
54%
Srna i vuk 2000 Giuliano
51%
Neka je šarala 2007 Jasmin Stavros
51%
Tamo gdje je sve po mom 2001 Jinx
46%
Kao da me nema 2003 Vanna
46%
Oči boje kestena 2002 Ivana Brkić
41%
Ja nikad neću znat 2001 Ivana Banfić
24%
Dužna si 2008 Jacques Houdek
24%
Daješ mi krila 2004 Ivan Mikulić
22%
Indija 2008 Massimo
22%
Grube riječi 2001 Danijela
15%
Male stvari 2004 Elemental
15%
Pijesak 2002 Boris Novković
12%
U noći punog mjeseca 2004 Claudia Beni
12%
Moja vilo 2005 Miroslav Škoro
12%
Marija 2007 Sandi Cenov
7%
No matching quizzes found
Score Distribution
Percent of People with Each Score
Percentile by Number Answered
Your Score History
You have not taken this quiz since the last reset